Statistics for Birds of the US - Waterfowl

Click here to take the quiz!

General Stats

  • This quiz has been taken 9 times
  • The average score is 39 of 51

Answer Stats

HintAnswer% Correct
Branta canadensisCanada Goose
100%
Anas platyrhynchosMallard
100%
Aix sponsaWood Duck
100%
Branta hutchinsiiCackling Goose
88%
Mergus merganserCommon Merganser
88%
Aythya marilaGreater Scaup
88%
Lophodytes cucullatusHooded Merganser
88%
Aythya affinisLesser Scaup
88%
Cygnus olorMute Swan
88%
Anas acutaNorthern Pintail
88%
Anser rossiiRoss’s Goose
88%
Anser caerulescensSnow Goose
88%
Cygnus buccinatorTrumpeter Swan
88%
Cygnus columbianusTundra Swan
88%
Anas rubripesAmerican Black Duck
75%
Mareca americanaAmerican Wigeon
75%
Branta leucopsisBarnacle Goose
75%
Dendrocygna autumnalisBlack-bellied Whistling Duck
75%
Melanitta americanaBlack Scoter
75%
Spatula discorsBlue-winged Teal
75%
Branta berniclaBrant
75%
Bucephala albeolaBufflehead
75%
Aythya valisineriaCanvasback
75%
Spatula cyanopteraCinnamon Teal
75%
Somateria mollissimaCommon Eider
75%
Bucephala clangulaCommon Goldeneye
75%
Mareca penelopeEurasian Wigeon
75%
Anser albifronsGreater White-fronted Goose
75%
Anas (crecca) carolinensisGreen-winged Teal
75%
Histrionicus histrionicusHarlequin Duck
75%
Somateria spectabilisKing Eider
75%
Clangula hyemalisLong-tailed Duck
75%
Anas fulvigulaMottled Duck
75%
Spatula clypeataNorthern Shoveler
75%
Mergus serratorRed-breasted Merganser
75%
Aythya americanaRedhead
75%
Aythya collarisRing-necked Duck
75%
Oxyura jamaicensisRuddy Duck
75%
Melanitta perspicillataSurf Scoter
75%
Bucephala islandicaBarrow’s Goldeneye
63%
Alopochen aegyptiacaEgyptian Goose
63%
Anser canagicusEmperor Goose
63%
Dendrocygna bicolorFulvous Whistling Duck
63%
Mareca streperaGadwall
63%
Anas diaziMexican Duck
63%
Cairina moschataMuscovy Duck
63%
Anser brachyrhynchusPink-footed Goose
63%
Polysticta stelleriSteller’s Eider
63%
Aythya fuligulaTufted Duck
63%
Melanitta deglandiWhite-winged Scoter
63%
Somateria fischeriSpectacled Eider
50%

Score Distribution

Percentile by Number Answered

Percent of People with Each Score

Your Score History

You have not taken this quiz